000 00386nam a2200145Ia 4500
008 230917s9999||||xx |||||||||||||| ||und||
040 _e40091
_aMAIN
041 _aEnglish
082 _a822.09 H581D
100 _aHinchliffe, Arnold P, ed
245 0 _aDrama criticism developments since Ibsen: a case book
260 _aHoundmills
_bMacmillan
_c1979
300 _a227 p.
942 _cBK
999 _c66464
_d66464